Boletín titulado "Exhortación del Subcomité Episcopal al pueblo católico del país, para que celebre con especial fervor la fiesta de Jesucristo Rey, el día 28 de octubre del presente año"

Síntesis: Boletín del Subcomité Episcopal, para el clero y los católicos exhortándolos a celebrar fiestas en honor a Cristo Rey.

Αποθηκεύτηκε σε:
Λεπτομέρειες βιβλιογραφικής εγγραφής
Κύριος συγγραφέας: Subcomité Episcopal (autor)
Μορφή: Βιβλίο
Σειρά:1925. 1928/sep/29. 1911
Θέματα:
Ετικέτες: Προσθήκη ετικέτας
Δεν υπάρχουν, Καταχωρήστε ετικέτα πρώτοι!

MARC

LEADER 00000nam^a2200000^a^4500
001 000249174
005 20250526000000.0
009 20260526133120.424
035 |a R00026 
037 |a Acervo Xavier Clavigero 
082 |a 11. 2  |b SUB 
100 |a Subcomité Episcopal  |e (autor) 
245 1 0 |a Boletín titulado "Exhortación del Subcomité Episcopal al pueblo católico del país, para que celebre con especial fervor la fiesta de Jesucristo Rey, el día 28 de octubre del presente año" 
264 |a México :  |b Destinatario: clero y católicos,  |c 1928 
300 |a 1 foja, impreso 14 X 21.5 cm. 
336 |a texto  |b txt  |2 rdacontenido 
337 |a sin mediación  |b n  |2 rdamedio 
338 |a volumen  |b nc  |2 rdasoporte 
440 |a 1925. 1928/sep/29. 1911 
520 |a Síntesis: Boletín del Subcomité Episcopal, para el clero y los católicos exhortándolos a celebrar fiestas en honor a Cristo Rey. 
598 |a Boletín 
598 |a En la biblioteca del ILFC, Guadalajara 
649 |a XX 
650 |a Iglesia Católica -  |x Cartas y Edictos Pastorales 
650 |a Episcopado 
650 |a * Pío XI, Papa, 1922-1939 
910 |a Fondo Jesús Gómez Fregoso S.J. FXC 
920 |a Impresos - Documentos 
930 |a Libros Antiguos y Raros 
940 |a Guerra Cristera 
905 |a 110 
901 |a R00026  |b IT2  |c LRA  |i R00026  |u 20250526 
902 |a https://opac.biblio.iteso.mx/vufind/Record/000249174